Turkey UEFA Euro 2024 Squad - Statistics

General Stats
  • This quiz has been taken 1,105 times
    1,070 since last reset
  • The average score is 16 of 27
Answer Stats
# Position Player % Correct
8 MF Arda Güler
93%
10 MF © Hakan Çalhanoğlu
90%
3 DF Merih Demiral
78%
21 FW Barış Alper Yılmaz
77%
12 GK Altay Bayındır
76%
19 FW Kenan Yıldız
76%
1 GK Mert Günok
71%
7 FW Kerem Aktürkoğlu
70%
20 DF Ferdi Kadıoğlu
66%
9 FW Cenk Tosun
64%
14 DF Abdülkerim Bardakcı
62%
18 DF Mert Müldür
62%
6 MF Orkun Kökçü
61%
23 GK Uğurcan Çakır
60%
2 DF Zeki Çelik
56%
4 DF Samet Akaydin
55%
Manager Vincenzo Montella
55%
22 DF Kaan Ayhan
51%
15 MF Salih Özcan
50%
24 FW Semih Kılıçsoy
45%
17 FW İrfan Kahveci
43%
16 MF İsmail Yüksek
41%
25 FW Yunus Akgün
39%
11 FW Yusuf Yazıcı
37%
5 MF Okay Yokuşlu
34%
26 FW Bertuğ Yıldırım
33%
13 DF Ahmetcan Kaplan
26%
No matching quizzes found
Score Distribution
Percent of People with Each Score
Percentile by Number Answered
Your Score History
You have not taken this quiz since the last reset